000
00249nam a2200097Ia 4500
082
_a
EF BRID
245
0
_a
The bride stripped bare
100
_a
Gemmel, Nikki London, 2004
_9
53303
942
_c
BK
008
210817s9999 xx 000 0 und d
999
_c
169173
_d
169173